| 000 | 00958nam a22003137a 4500 | ||
|---|---|---|---|
| 001 | BR8302958 | ||
| 003 | BR-BrBNA | ||
| 005 | 20230928091659.0 | ||
| 007 | ta | ||
| 008 | 230509b bl.||||| |||| 00| 0 por d | ||
| 040 |
_aBR-BrBNA _bpor _cBiblioteca Nacional de Agricultura |
||
| 041 | _a(Por) | ||
| 072 | _aP05; N10 | ||
| 090 | _ P05 BR8302958 | ||
| 100 | 1 | _aAisse, M.M. | |
| 100 | 1 | _aObladen, N.L. | |
| 110 | 1 |
_aAssociacao Brasileira de Engenharia Sanitaria Ambiental, Rio de Janeiro, RJ _9284 |
|
| 111 | 1 |
_a12. Congresso Brasileiro de Engenharia Sanitaria e Ambiental _cCamboriu, SC (Brazil) _d20-25 Nov 1983 |
|
| 245 | 1 | _aBiodigestor anaerobio para a zona rural Modelo Lhisama | |
| 260 | 3 |
_aCuritiba, PR (Brasil): _c1983. |
|
| 300 | _a25 p. | ||
| 500 | _a7 graphs; 10 illus. | ||
| 650 | _aBIOGAS | ||
| 650 | _aBIODIGESTOR | ||
| 650 | _aBIOMASSA | ||
| 650 | _aINSTALACAO AGRICOLA | ||
| 909 |
_a202309 _bLucia _c55 _dLucia Elande |
||
| 942 | _cBK | ||
| 999 |
_c34989 _d34989 |
||